000 00472nam a22001697a 4500
999 _c22671
_d22671
003 BDDh-ASL
005 20231015030142.0
008 210302s1979 bg ||||| |||| 00| 0 eng d
040 _cBDDh-ASL
082 _a370
_bDAP
110 1 _93288
_aIER, Dacca University
245 0 2 _aA Pilot Research Project on Nonformal Education A Micro Study
260 _aDacca:
_bDacca University,
_c1979.
300 _a208 p.:
_c22 cm.
650 0 _91210
_aEducation
942 _2ddc
_cBK